000 01523nam a2200325 4500
001 455
003 OSt
005 20250701145127.0
008 250701b |||||||g |||| 00| j eng d
020 _a8532515274
040 _bpor
041 _heng
_apor
082 _a028.5
_bA649f
100 1 _aApplegate, Katherine.
_d1956 -
240 _aAnimorphs: the escape
245 _aAnimorphs:
_bA fuga /
_cApplegate, Katherine; Tradução de Regina Stela Braga
260 _aRio de Janeiro
_bRocco
_c2003
300 _a143 p.
520 _aQuase nada pode ser pior do que descobrir que sua própria mãe é Visser Um. O mais poderoso de todos os Vissers. O líder da invasão Yeerk à Terra. Foi exatamente isso que aconteceu com Marco. E, apesar de estar lidando muito bem com a situação, ele sabe que chegará uma hora em que terá de encarar o problema de frente. Então, quando, junto com Ax e com os outros Animorphs, descobre que o Visser Um está supervisionando um projeto subaquático secreto, ele está certo de que precisará averiguar oque está acontecendo. Mas Marco não tem certeza se será capaz de participar dessa batalha...
650 0 _aLiteratura Americana
_984
650 0 _aInvasão alienígena
_9986
650 0 _aAdolescentes como heróis
_9987
650 0 _aInfantojuvenil
_9200
650 0 _aTransformação em animais
_9988
655 0 _aRomance
_923
655 0 _aFicção
_922
700 _aRegina Stela Braga
_eTRADUTOR
_9989
830 _aAnimorphs
_9985
_vvol. 15
942 _2ddc
_n0
_cBK
999 _c455
_d455